000 01359cam a22003857a 4500
003 CHAP
005 20220329141835.0
008 971202d1997 mx r 00110 spa d
010 _a74655
011 _a75627
035 _a85193
040 _cCHAP
090 _aTesis
100 0 0 _aBautista Vázquez, Benjamín.
_910965
245 1 0 _aEvaluación de jabones para el control de mosquita blanca en calabacita (Cucurbita pepo L.)
_c/por Benjamín Bautista Vázquez
260 _aChapingo, Méx. :
_bEl autor,
_c1997.
300 _a59 h. :
_bgráfs.
502 _aTesis (Ing. Agr. Esp. en Fitotecnia) -- UACH. Departamento de Fitotecnia
590 _aALEPH
_b10
_c20130110
_lUCH01
_h1420
590 _aBATCH-UPD
_b10
_c20130110
_lUCH01
_h0127
590 _aBATCH-UPD
_b10
_c20130110
_lUCH01
_h1610
590 _aBATCH-UPD
_b10
_c20130409
_lUCH01
_h2122
590 _aBATCH-UPD
_b10
_c20130410
_lUCH01
_h1005
590 _aBATCH-UPD
_b10
_c20130914
_lUCH01
_h0600
590 _aBATCH-UPD
_b10
_c20130914
_lUCH01
_h2151
590 _aCONVERSION
_b10
_c20130109
_lUCH01
_h1341
650 1 4 _aBemisia tabaci.
_911496
650 1 4 _aCalabaza
_xPlagas.
_917289
650 1 4 _aJabón.
_960780
901 _aBK
905 _aLilia Sánchez G.
942 _cFOLL
949 _bBC
_cTES
_d33724000636916
_eTS2
_fc.2
_h31392
_i85193
_si
949 _bBC
_cTES
_d851931
_eTS1
_h31391
_i85193
_sb
999 _c74655
_d74655